000 00303nam a22001337a 4500
008 171031b xxu||||| |||| 00| 0 eng d
020 _a9780324578997
041 _aeng
080 _a33
100 _a58
101 _aBUS
245 _aUNDERSTANDING BUSSINES STRATEGY
_cROBERT,ER.H
942 _2udc
_cBK
999 _c36657
_d36657